| 000 -LEADER |
| fixed length control field |
00505nam a22001455i 4500 |
| 008 - FIXED-LENGTH DATA ELEMENTS--GENERAL INFORMATION |
| fixed length control field |
220411s2020 miua d 000 0 eng |
| 010 ## - LIBRARY OF CONGRESS CONTROL NUMBER |
| LC control number |
2021278765 |
| 020 ## - INTERNATIONAL STANDARD BOOK NUMBER |
| International Standard Book Number |
9780310770695 |
| 020 ## - INTERNATIONAL STANDARD BOOK NUMBER |
| International Standard Book Number |
0310770696 |
| 082 04 - DEWEY DECIMAL CLASSIFICATION NUMBER |
| Classification number |
745.5 |
| Edition number |
23 |
| 100 ## - MAIN ENTRY--PERSONAL NAME |
| Personal name |
zondervan |
| 245 00 - TITLE STATEMENT |
| Title |
My design in progress : |
| Remainder of title |
a journal to unleash your imagination / |
| Statement of responsibility, etc. |
[cover design: Cindy Davis ; interior design: Denise Froehlich ; contributor: Estee Zandee] |
| 300 ## - PHYSICAL DESCRIPTION |
| Extent |
1 volume (unpaged) : |
| Other physical details |
color illustrations ; |
| Dimensions |
24 cm |
| 942 ## - ADDED ENTRY ELEMENTS (KOHA) |
| Source of classification or shelving scheme |
|